000 00427nam a2200157Ia 4500
005 20250626023848.0
008 240331s9999 xx 000 0 und d
020 _a9789558884430
082 _bCOO
_a362
100 _aCooray,K.N
245 0 _aSri Lankawe siduwena lama apayojana
260 _aMirigama
_bAshirwada Publishers & Printers
_c2007
300 _a112 p .,
500 _aA book of Child abuse in Sri Lanka
942 _cL
999 _c5049
_d5049